000 01179nam0a22003371 4500
001 RU\NLR\A1SV\91498
005 20251203171251.9
035 _a(NLR Aleph) 009772852
090 _a10062844
_c10062844
100 _a20081223j1925 u y0rusy50 ca
101 1 _arus
_cfre
102 _aRU
200 1 _aВ семье
_aМоя жена
_e[Рассказы]
_fГюи де-Мопассан
_gПер. с фр. Сергея Городецкого
210 _aЛ.
_c"Сеятель" Е.В.Высоцкого
_d[1925]
215 _a45, [2] с.
_d14 см
225 _aОбщедоступ. б-ка "Сеятель"
_fОтд. худ. лит.
_v№ 102
620 _dСанкт-Петербург
700 1 _6z01790
_aМопассан
_bГ.
_f1850-1893
_gГи де
702 1 _aГородецкий
_bС. М.
_f1884-1967
_gСергей Митрофанович
790 1 _6z01700
_aМопассан
_bГ.
_gГюи де
801 0 _aRU
_bNLR
_c20081223
852 _aNLR
_j38.57.3.1/102
852 _aNLR
_jЛ 60 В-2/208
899 _aГПИБ
899 _aСамОУНБ
899 _aЗНБ СГУ
899 _aРГБ
942 _cBOOK
980 _aNB
980 _aA1SV